[Event "Tournament 14471 - Europe Echecs"]
[Site "Europe Echecs"]
[Date "2020.07.09"]
[Round "3"]
[Time "15:04:48"]
[PlyCount "84"]
[White "KouamMaelis"]
[Black "BernadetDaniel"]
[WhiteElo "1182"]
[BlackElo "1003"]
[Mode "WEB"]
[Result "1-0"]

1. c4 c5 2. Nc3 Nc6 3. Nf3 d6 4. d4 cxd4 5. Nxd4 e5 6. Nc2 Be6 7. e4 Nf6 8. Be2
Be7 9. O-O Qb6 10. Nd5 Qd8 11. Qd3 Bxd5 12. cxd5 Nb8 13. Ne3 Nbd7 14. Nf5 O-O
15. b4 a5 16. Bh6 g6 17. Nxe7+ Qxe7 18. Bxf8 Qxf8 19. a3 axb4 20. axb4 Rxa1 21.
Rxa1 Ne8 22. Ra7 Ng7 23. Qb5 f5 24. Qxd7 fxe4 25. Qxb7 h5 26. Ra8 Ne8 27. Bb5
Qf4 28. Rxe8+ Qf8 29. Rxf8+ Kxf8 30. Qc6 Kf7 31. Qd7+ Kf6 32. Qxd6+ Kf5 33. Qe6+
Kg5 34. Qxe5+ Kh4 35. Qxe4+ Kg5 36. h4+ Kf6 37. d6 Kg7 38. d7 Kf6 39. d8=Q+ Kf7
40. Qf4+ Kg7 41. Qe7+ Kg8 42. Qff8# {BernadetDaniel est échec et mat} 1-0

[Event "Tournament 14471 - Europe Echecs"]
[Site "Europe Echecs"]
[Date "2020.07.09"]
[Round "3"]
[Time "15:04:48"]
[PlyCount "82"]
[White "BourginePaul"]
[Black "CogneauMaude"]
[WhiteElo "999"]
[BlackElo "1180"]
[Mode "WEB"]
[Result "1-0"]

1. e4 e5 2. Nf3 Nc6 3. Bc4 Bc5 4. O-O Nf6 5. d3 d6 6. Nc3 O-O 7. b3 Nd4 8. Ng5
d5 9. exd5 c6 10. dxc6 bxc6 11. Bb2 h6 12. Nge4 Nxe4 13. dxe4 Be6 14. Bd3 g6 15.
Qd2 f5 16. exf5 gxf5 17. Bc1 Bd5 18. Bc4 Bxc4 19. bxc4 Bd6 20. Qxh6 e4 21. Qg6+
Kh8 22. Bh6 Rg8 23. Qxf5 Qh4 24. g3 Qxh6 25. Qxe4 c5 26. Nd5 Rae8 27. Qd3 Ref8
28. c3 Nf3+ 29. Kg2 Qh3+ 30. Kxh3 Ng5+ 31. Kg4 Nf3+ 32. Kh5 Nxh2 33. Kh6 Rg7 34.
Rh1 Rff7 35. Rxh2 Rh7+ 36. Kg6 Kg8 37. Nf6+ Kh8 38. Rxh7+ Rxh7 39. Nxh7 Kg8 40.
Qxd6 Kh8 41. Qf8# {CogneauMaude est échec et mat} 1-0

[Event "Tournament 14471 - Europe Echecs"]
[Site "Europe Echecs"]
[Date "2020.07.09"]
[Round "3"]
[Time "15:04:48"]
[PlyCount "92"]
[White "PousVictor"]
[Black "CaillensValent"]
[WhiteElo "1167"]
[BlackElo "999"]
[Mode "WEB"]
[Result "1-0"]

1. e4 e5 2. Nf3 Nc6 3. d4 exd4 4. Nxd4 Bc5 5. Be3 Qf6 6. Nxc6 Bxe3 7. fxe3 Qxc6
8. Bd3 Qb6 9. b3 Qxe3+ 10. Qe2 Qc1+ 11. Qd1 Qe3+ 12. Qe2 Qc1+ 13. Qd1 Qxd1+ 14.
Kxd1 Ne7 15. Nc3 d6 16. Bc4 Bg4+ 17. Ke1 O-O 18. Nb5 c6 19. Nc3 Ng6 20. h3 Be6
21. Bxe6 fxe6 22. Rd1 Rad8 23. Rf1 Rxf1+ 24. Kxf1 Nh4 25. e5 d5 26. Ne2 Nf5 27.
Rd3 Rf8 28. Nf4 g5 29. Nxe6 Ng3+ 30. Kg1 Rf1+ 31. Kh2 Nf5 32. Nxg5 h5 33. g4
Rf2+ 34. Kg1 Rxc2 35. gxf5 Rxa2 36. e6 Kf8 37. f6 b5 38. e7+ Ke8 39. Re3 a5 40.
f7+ Kd7 41. e8=Q+ Kc7 42. f8=Q a4 43. Ne6+ Kb6 44. Qb8+ Ka5 45. Qc7+ Ka6 46.
Qa8# {CaillensValent est échec et mat} 1-0

[Event "Tournament 14471 - Europe Echecs"]
[Site "Europe Echecs"]
[Date "2020.07.09"]
[Round "3"]
[Time "15:04:48"]
[PlyCount "44"]
[White "DubachNicolas"]
[Black "LoszycerSasha"]
[WhiteElo "999"]
[BlackElo "1162"]
[Mode "WEB"]
[Result "1-0"]

1. d4 d6 2. Bf4 g6 3. Nf3 Bg7 4. e3 Nc6 5. c3 e5 6. Bg3 Nge7 7. Nbd2 O-O 8. Bd3
f5 9. e4 fxe4 10. Bxe4 exd4 11. cxd4 Nxd4 12. Ng5 Nec6 13. h4 Bf6 14. Ndf3 Nxf3+
15. Nxf3 Bxb2 16. Qb3+ Rf7 17. Ng5 Qe7 18. Qxb2 Rf8 19. O-O h6 20. Bd5+ Rf7 21.
Bxf7+ Kf8 22. Qh8# {LoszycerSasha est échec et mat} 1-0

[Event "Tournament 14471 - Europe Echecs"]
[Site "Europe Echecs"]
[Date "2020.07.09"]
[Round "3"]
[Time "15:04:48"]
[PlyCount "58"]
[White "PommereulEmma"]
[Black "RaymondTimothe"]
[WhiteElo "1161"]
[BlackElo "999"]
[Mode "WEB"]
[Result "1-0"]

1. e4 e5 2. Nf3 Nc6 3. Bc4 Nf6 4. Ng5 Qe7 5. Bxf7+ Kd8 6. Bc4 d6 7. Nf7+ Ke8 8.
Nxh8 Bg4 9. f3 b5 10. Bxb5 Be6 11. Bxc6+ Kd8 12. Bxa8 Qd7 13. O-O Qb5 14. Nc3
Qc4 15. d3 Qa6 16. Bg5 h6 17. Bxf6+ gxf6 18. Ng6 Bg7 19. d4 Bc4 20. Re1 exd4 21.
Qxd4 c5 22. Qd2 f5 23. e5 Kc8 24. exd6 Bd4+ 25. Kh1 Qxd6 26. Re8+ Kd7 27. Re7+
Kd8 28. Qxh6 Qb8 29. Qf8# {RaymondTimothe est échec et mat} 1-0

[Event "Tournament 14471 - Europe Echecs"]
[Site "Europe Echecs"]
[Date "2020.07.09"]
[Round "3"]
[Time "15:04:48"]
[PlyCount "62"]
[White "ChadiGillesMat"]
[Black "KulikovaBernie"]
[WhiteElo "1156"]
[BlackElo "800"]
[Mode "WEB"]
[Result "1-0"]

1. e4 e5 2. Nf3 Nc6 3. Nc3 Nf6 4. Bb5 a6 5. Bxc6 bxc6 6. d3 Bb4 7. Bd2 a5 8. a3
Bc5 9. b4 axb4 10. axb4 Bxb4 11. Rxa8 O-O 12. O-O Ng4 13. h3 Nf6 14. Nxe5 Nd5
15. Nxd5 cxd5 16. Bxb4 d6 17. Nc6 Qd7 18. Qg4 Qxc6 19. Rxc8 Qb7 20. Rxf8+ Kxf8
21. Ra1 Qxb4 22. Ra8+ Ke7 23. Qg5+ Ke6 24. Re8+ Kd7 25. Qe7+ Kc6 26. Rc8 Qb1+
27. Kh2 Qxc2 28. Rxc7+ Kb5 29. Rxc2 dxe4 30. Qb7+ Ka4 31. Ra2# {KulikovaBernie est échec et mat} 1-0

[Event "Tournament 14471 - Europe Echecs"]
[Site "Europe Echecs"]
[Date "2020.07.09"]
[Round "4"]
[Time "15:35:07"]
[PlyCount "141"]
[White "MichelDeletieO"]
[Black "LamazeSimon"]
[WhiteElo "1558"]
[BlackElo "2185"]
[Mode "WEB"]
[Result "0-1"]

1. e4 c5 2. Nf3 Nc6 3. d4 cxd4 4. Nxd4 Nf6 5. Nc3 d6 6. Be3 Ng4 7. Qd2 Nxe3 8.
Qxe3 g6 9. O-O-O Bg7 10. f4 Qb6 11. Nce2 e5 12. Nf5 gxf5 13. Qg3 O-O 14. h4 exf4
15. Nxf4 Qxb2+ 16. Kd2 Qb4+ 17. Ke3 Qxe4+ 18. Kf2 Kh8 19. Nh5 Bd4+ 20. Rxd4
Qxd4+ 21. Ke2 Qe5+ 22. Qxe5+ dxe5 23. Rh3 f4 24. Kf3 Bxh3 25. gxh3 Nd4+ 26. Ke4
Rg8 27. Kxe5 Nf3+ 28. Kxf4 Nxh4 29. Nf6 Ng6+ 30. Ke4 Rg7 31. Bc4 Nf8 32. Kf5 Ne6
33. h4 Rg1 34. Bxe6 fxe6+ 35. Kxe6 Rg6 36. Kf5 Rxf6+ 37. Kxf6 Rf8+ 38. Ke7 Rf2
39. h5 Rxc2 40. h6 Rxa2 41. Kf7 Rh2 42. Kf8 Rxh6 43. Kf7 Rc6 44. Kf8 h6 45. Ke7
h5 46. Kd8 h4 47. Ke8 b5 48. Kf8 Rc3 49. Ke7 a5 50. Kd6 b4 51. Ke5 b3 52. Kd4
Rg3 53. Ke4 a4 54. Kf4 a3 55. Kf5 a2 56. Kf4 a1=Q 57. Ke4 b2 58. Kd4 b1=Q+ 59.
Kd5 h3 60. Kc4 h2 61. Kc5 h1=Q 62. Kd6 Qh6+ 63. Kd5 Qf5+ 64. Kc4 Qaf1+ 65. Kd4
Rd3+ 66. Kc4 Qa6+ 67. Kb4 Rd4+ 68. Kc3 Q5d3+ 69. Kb2 Qfe2+ 70. Kc1 Qac4# {MichelDeletieO est échec et mat} 0-1

[Event "Tournament 14471 - Europe Echecs"]
[Site "Europe Echecs"]
[Date "2020.07.09"]
[Round "4"]
[Time "15:35:07"]
[PlyCount "69"]
[White "DincovIoan"]
[Black "LesueurGabriel"]
[WhiteElo "1549"]
[BlackElo "1906"]
[Mode "WEB"]
[Result "0-1"]

1. e4 e6 2. d4 d5 3. exd5 exd5 4. Bd3 Nc6 5. c3 Bd6 6. Ne2 Nge7 7. O-O Bg4 8. f3
Bf5 9. Ng3 Bxd3 10. Qxd3 Qd7 11. Bg5 f6 12. Be3 O-O-O 13. Nd2 h5 14. Ne2 g5 15.
f4 Nf5 16. Bf2 gxf4 17. Nf3 h4 18. h3 Rdg8 19. Qd2 Ne3 20. Bxe3 fxe3 21. Qxe3
Qxh3 22. Rf2 Qg4 23. Nh2 Qg7 24. Qe6+ Kb8 25. Qxf6 Bg3 26. Rf3 Bxh2+ 27. Kf1
Qxg2+ 28. Ke1 Bg3+ 29. Nxg3 Re8+ 30. Kd1 hxg3 31. Rf1 Rh1 32. Rxh1 Qxh1+ 33. Kc2
Qxa1 34. Qf7 Qe1 {DincovIoan a abandonné} 0-1

[Event "Tournament 14471 - Europe Echecs"]
[Site "Europe Echecs"]
[Date "2020.07.09"]
[Round "4"]
[Time "15:35:07"]
[PlyCount "161"]
[White "BreuilTristan"]
[Black "SuspeneJacques"]
[WhiteElo "1898"]
[BlackElo "1610"]
[Mode "WEB"]
[Result "0-1"]

1. e4 d6 2. d4 g6 3. Nc3 Bg7 4. Be3 Nd7 5. Nf3 e5 6. Qd2 Ngf6 7. dxe5 dxe5 8.
O-O-O Qe7 9. Bg5 h6 10. Nd5 Qd8 11. Bxf6 Bxf6 12. Qa5 c6 13. Nc7+ Kf8 14. Nxe5
Rb8 15. Qa3+ Kg7 16. Nxd7 Bxd7 17. Qd6 Bg4 18. f3 Qxd6 19. Rxd6 Bc8 20. f4 Bd8
21. Nd5 cxd5 22. Rxd5 Be6 23. Rd1 Bb6 24. Bd3 Be3+ 25. Kb1 Bxf4 26. g3 Be5 27.
Rhf1 Rhd8 28. Rf2 Rd6 29. Rdf1 Rbd8 30. Rf3 Bc4 31. Rd1 Bxd3 32. cxd3 Bd4 33.
Rdf1 Rf6 34. Rxf6 Bxf6 35. Kc2 Bd4 36. Kd2 f6 37. Rc1 Rd7 38. b3 Kf7 39. Rc8 Ke7
40. Rh8 h5 41. Rg8 Kf7 42. Rc8 Bb6 43. Rc4 Rc7 44. Ra4 a6 45. e5 fxe5 46. Re4
Kf6 47. h3 Ba5+ 48. Kd1 Rc3 49. Re3 Kf5 50. Rf3+ Ke6 51. Re3 Kd5 52. Rf3 e4 53.
dxe4+ Kxe4 54. Rf6 Rxg3 55. Re6+ Kd5 56. Rf6 Bc3 57. Rf7 Kc6 58. Re7 Rxh3 59.
Re6+ Kd5 60. Rxg6 h4 61. Rg5+ Ke4 62. Rg4+ Kf3 63. Rg8 Kf2 64. Rf8+ Rf3 65. Rc8
h3 66. Rc7 h2 67. Rh7 Kg2 68. Kc2 h1=Q 69. Rxh1 Kxh1 70. a4 Kg2 71. Kb1 Rf2 72.
a5 Bxa5 73. b4 Bxb4 74. Ka1 Kf3 75. Kb1 Ke3 76. Ka1 Kd3 77. Kb1 Rg2 78. Ka1 Kc3
79. Kb1 Rh2 80. Kc1 Rh1# {BreuilTristan est échec et mat} 0-1

[Event "Tournament 14471 - Europe Echecs"]
[Site "Europe Echecs"]
[Date "2020.07.09"]
[Round "4"]
[Time "15:35:07"]
[PlyCount "76"]
[White "SiffertArman"]
[Black "DeshaiesClemen"]
[WhiteElo "1887"]
[BlackElo "1600"]
[Mode "WEB"]
[Result "1-0"]

1. d4 Nf6 2. Bf4 g6 3. Nc3 Bg7 4. e4 d6 5. Qd2 O-O 6. O-O-O Nbd7 7. Nf3 b6 8.
Bh6 Bb7 9. Bxg7 Kxg7 10. Bd3 c5 11. h4 h5 12. dxc5 Nxc5 13. Ng5 Nxd3+ 14. Qxd3
Rc8 15. f3 Qc7 16. Kb1 Rfd8 17. Rhe1 d5 18. e5 Nh7 19. Nh3 d4 20. Ne4 Bxe4 21.
Rxe4 Rd5 22. g4 Rc5 23. Re2 hxg4 24. fxg4 Rxe5 25. Qxd4 f6 26. Red2 Rc5 27. Qd3
Nf8 28. h5 g5 29. a3 Re5 30. Nf2 Qc5 31. Ne4 Qc6 32. Nc3 Qe6 33. h6+ Kxh6 34.
Rh2+ Kg7 35. Qd2 Ng6 36. Rdh1 Rg8 37. Rh7+ Kf8 38. Qd8# {DeshaiesClemen est échec et mat} 1-0

[Event "Tournament 14471 - Europe Echecs"]
[Site "Europe Echecs"]
[Date "2020.07.09"]
[Round "4"]
[Time "15:35:07"]
[PlyCount "132"]
[White "GresserBaptist"]
[Black "MarcheNael"]
[WhiteElo "1791"]
[BlackElo "1566"]
[Mode "WEB"]
[Result "1-0"]

1. e4 c5 2. d4 cxd4 3. c3 d3 4. Bxd3 Nc6 5. c4 d6 6. Nf3 Nf6 7. Nc3 e6 8. h3 h6
9. Be3 Be7 10. a3 O-O 11. O-O b6 12. Rc1 Bb7 13. Nd4 Ne5 14. f4 Nxd3 15. Qxd3 e5
16. Nde2 Qc7 17. f5 Rac8 18. b3 Rfd8 19. Bd2 Qc5+ 20. Kh1 a6 21. Nd5 Bxd5 22.
cxd5 Qxa3 23. Ra1 Qc5 24. Rfc1 Qf2 25. Rxa6 Rxc1+ 26. Bxc1 Rc8 27. Be3 Qh4 28.
Rxb6 Qxe4 29. Qxe4 Nxe4 30. Rb7 Kf8 31. Kg1 f6 32. g4 Rc2 33. Kf1 Rb2 34. Nc1
Nc5 35. Bxc5 dxc5 36. Nd3 Rd2 37. Nf2 Rxd5 38. Ne4 Rd4 39. Nf2 Rb4 40. Rxb4 cxb4
41. Ke2 Ke8 42. Kd3 Kd7 43. Kc4 Kc6 44. Nd3 e4 45. Nf4 Bd6 46. Ne6 e3 47. Kd3
Bc5 48. Nxc5 Kxc5 49. Kxe3 Kc6 50. Kd4 Kd6 51. Kc4 Kc6 52. Kxb4 Kb6 53. Kc4 Kc6
54. b4 Kb6 55. b5 Kc7 56. Kc5 Kb7 57. b6 Kc8 58. Kc6 Kd8 59. b7 Ke7 60. b8=Q Kf7
61. Qc7+ Kg8 62. Kd6 Kh7 63. h4 h5 64. gxh5 Kh6 65. Qf7 Kh7 66. h6 {MarcheNael a abandonné} 1-0

[Event "Tournament 14471 - Europe Echecs"]
[Site "Europe Echecs"]
[Date "2020.07.09"]
[Round "4"]
[Time "15:35:07"]
[PlyCount "130"]
[White "TrevisiolAntoi"]
[Black "NajaryanArtur"]
[WhiteElo "1788"]
[BlackElo "1526"]
[Mode "WEB"]
[Result "1-0"]

1. d4 Nf6 2. c4 e6 3. Nf3 d5 4. Nc3 c5 5. cxd5 exd5 6. Bg5 cxd4 7. Bxf6 Qxf6 8.
Nxd5 Qd8 9. Qxd4 Be6 10. Nc3 Nc6 11. Qxd8+ Rxd8 12. a3 Be7 13. e3 O-O 14. Be2 a6
15. O-O Bb3 16. Rac1 Bf6 17. Bd1 Bxc3 18. bxc3 Bc4 19. Re1 b5 20. Nd4 Ne5 21.
Be2 Rc8 22. Nf5 Rc7 23. Nd6 Bxe2 24. Rxe2 Nc4 25. Nxc4 Rxc4 26. Rd2 Rfc8 27. Rd4
h6 28. Rxc4 Rxc4 29. Kf1 Ra4 30. Ra1 Rh4 31. h3 Rc4 32. Ke2 Rxc3 33. Kd2 Rc5 34.
Rc1 Rxc1 35. Kxc1 Kf8 36. Kc2 a5 37. Kc3 Ke7 38. Kd4 Kd6 39. e4 b4 40. axb4 axb4
41. f4 b3 42. Kc3 Kc5 43. Kxb3 Kd4 44. e5 Ke4 45. g3 Kf3 46. f5 Kxg3 47. e6 fxe6
48. fxe6 Kxh3 49. e7 g5 50. e8=Q g4 51. Qh5+ Kg3 52. Qxh6 Kg2 53. Qd2+ Kh3 54.
Qf2 g3 55. Qg1 g2 56. Kc3 Kg3 57. Kd3 Kh3 58. Ke3 Kg3 59. Ke2 Kh3 60. Kf3 Kh4
61. Qxg2 Kh5 62. Kf4 Kh6 63. Kf5 Kh7 64. Kf6 Kh8 65. Qg7# {NajaryanArtur est échec et mat} 1-0

[Event "Tournament 14471 - Europe Echecs"]
[Site "Europe Echecs"]
[Date "2020.07.09"]
[Round "4"]
[Time "15:35:07"]
[PlyCount "57"]
[White "TulliezAndre"]
[Black "DaudeAlexandre"]
[WhiteElo "1777"]
[BlackElo "1518"]
[Mode "WEB"]
[Result "1-0"]

1. e4 e6 2. Nf3 d5 3. exd5 exd5 4. d4 Bb4+ 5. c3 Bd6 6. Bd3 Ne7 7. O-O O-O 8.
Bg5 f6 9. Be3 Bf5 10. Nh4 Bxd3 11. Qxd3 Nbc6 12. Nd2 f5 13. Bg5 h6 14. Bxe7 Nxe7
15. f4 c5 16. dxc5 Bxc5+ 17. Kh1 Qb6 18. Nb3 Bf2 19. Nf3 Be3 20. Ne5 Rad8 21.
Rae1 Bf2 22. Re2 Bc5 23. h3 Bd6 24. Nd4 Bxe5 25. fxe5 f4 26. Ref2 Ng6 27. e6
Rde8 28. Qxg6 Rf6 {DaudeAlexandre a abandonné} 1-0

[Event "Tournament 14471 - Europe Echecs"]
[Site "Europe Echecs"]
[Date "2020.07.09"]
[Round "4"]
[Time "15:35:07"]
[PlyCount "100"]
[White "DavtianArmen"]
[Black "GuliyevTofig"]
[WhiteElo "1413"]
[BlackElo "1699"]
[Mode "WEB"]
[Result "1-0"]

1. d4 d5 2. c4 e6 3. Nc3 Nf6 4. Bg5 Be7 5. e3 h6 6. Bh4 Ne4 7. Bxe7 Qxe7 8. Nf3
O-O 9. Qc2 Nxc3 10. Qxc3 b6 11. Bd3 Bb7 12. cxd5 exd5 13. O-O Rc8 14. Qd2 Nd7
15. Bf5 g6 16. Bxd7 Qxd7 17. b3 Qe6 18. b4 Ba6 19. Rfc1 f6 20. a4 Bc4 21. Qc2
Kf7 22. Nd2 Ba6 23. Ra3 Bb7 24. a5 a6 25. Rc3 c5 26. bxc5 bxc5 27. Rxc5 Rxc5 28.
dxc5 Bc6 29. Nf3 Rb8 30. Rb1 Qc8 31. Rb6 Bb5 32. Ne5+ fxe5 33. Qxg6+ Ke7 34.
Qd6+ Kf7 35. Qxd5+ Ke8 36. Qxe5+ Kd8 37. Rxb8 Qxb8 38. Qxb8+ Kd7 39. Qb6 Bc4 40.
Qxh6 Kc7 41. g4 Bd3 42. g5 Bf5 43. g6 Bxg6 44. Qxg6 Kb7 45. h4 Kb8 46. h5 Ka8
47. h6 Kb8 48. h7 Ka7 49. h8=Q Kb7 50. Qhh7+ {GuliyevTofig a perdu au temps} 1-0

[Event "Tournament 14471 - Europe Echecs"]
[Site "Europe Echecs"]
[Date "2020.07.09"]
[Round "4"]
[Time "15:35:07"]
[PlyCount "122"]
[White "MareauTimothe"]
[Black "MaziarzPierre"]
[WhiteElo "1642"]
[BlackElo "1424"]
[Mode "WEB"]
[Result "1-0"]

1. e4 c5 2. c3 d5 3. exd5 Qxd5 4. d4 Nf6 5. Be3 cxd4 6. cxd4 Bf5 7. Nc3 Qd8 8.
Rc1 Nbd7 9. Qb3 Nb6 10. Nb5 Nbd5 11. Bc4 a6 12. Nc3 Be6 13. Nf3 b5 14. Bxd5 Nxd5
15. Qc2 Nxe3 16. fxe3 g6 17. Ne4 Rc8 18. Nc5 Bd5 19. e4 Ba8 20. O-O Bg7 21. Rcd1
Qb6 22. Qb3 Bxd4+ 23. Nxd4 Qxc5 24. Qxf7+ Kd7 25. Kh1 Qc4 26. Ne6+ Kc6 27. Rc1
Qxc1 28. Rxc1+ Kb6 29. Rxc8 Rxc8 30. h3 Bxe4 31. Qxe7 Rc2 32. Qd6+ Ka5 33. b4+
Ka4 34. Nc5+ Ka3 35. Nxe4 Rc1+ 36. Kh2 Kxa2 37. Qxa6+ Kb3 38. Nc5+ Kxb4 39. Nd3+
Kb3 40. Nxc1+ Kb2 41. Nd3+ Kb3 42. Qxb5+ Kc3 43. Nc5 Kd4 44. Ne6+ Ke4 45. Qc5
Kd3 46. Nf4+ Ke4 47. Nd3 h5 48. g4 hxg4 49. hxg4 g5 50. Qxg5 Kd4 51. Qe5+ Kc4
52. Nb2+ Kb3 53. Qc7 Kb4 54. Na4 Kb3 55. g5 Kb4 56. g6 Kb5 57. g7 Kb4 58. g8=Q
Ka3 59. Qgb8 Ka2 60. Qca7 Ka3 61. Nc3# {MaziarzPierre est échec et mat} 1-0

[Event "Tournament 14471 - Europe Echecs"]
[Site "Europe Echecs"]
[Date "2020.07.09"]
[Round "4"]
[Time "15:35:07"]
[PlyCount "53"]
[White "MateriaMatteo"]
[Black "SchippkeManon"]
[WhiteElo "1595"]
[BlackElo "1873"]
[Mode "WEB"]
[Result "0-1"]

1. e4 c5 2. c3 Nf6 3. e5 Nd5 4. d4 cxd4 5. Nf3 e6 6. cxd4 d6 7. Bc4 Nc6 8. O-O
Be7 9. Qe2 O-O 10. Nc3 dxe5 11. dxe5 Nxc3 12. bxc3 Qc7 13. Bd3 f5 14. exf6 Bxf6
15. Qe4 g6 16. Bh6 Re8 17. Nd4 Nxd4 18. cxd4 e5 19. d5 Bf5 20. Qe2 Bxd3 21. Qxd3
e4 22. Qb3 Bxa1 23. Rxa1 Rad8 24. Rc1 Qf7 25. Bg5 Rxd5 26. h3 Rxg5 {MateriaMatteo a abandonné} 0-1

[Event "Tournament 14471 - Europe Echecs"]
[Site "Europe Echecs"]
[Date "2020.07.09"]
[Round "4"]
[Time "15:35:07"]
[PlyCount "117"]
[White "ThibousLeo"]
[Black "ChouvaevKominD"]
[WhiteElo "1380"]
[BlackElo "1637"]
[Mode "WEB"]
[Result "1/2-1/2"]

1. Nf3 Nf6 2. c4 g6 3. b3 Bg7 4. Bb2 O-O 5. e3 d6 6. Be2 e5 7. d4 exd4 8. Nxd4
Nc6 9. Nxc6 bxc6 10. Nd2 Bb7 11. Rc1 c5 12. Bf3 Bxf3 13. Nxf3 Qc8 14. O-O Qa6
15. Bxf6 Bxf6 16. Qe2 Rfe8 17. Rfd1 Qc6 18. Rd5 Rab8 19. Rcd1 Rb6 20. Qc2 Ra6
21. Nd2 Qb6 22. Ne4 Bg7 23. g3 Qa5 24. R1d2 Qb4 25. Ng5 Qc3 26. Qxc3 Bxc3 27.
Rc2 Bf6 28. h4 Re5 29. Rxe5 Bxe5 30. Nf3 Bf6 31. Ng5 h6 32. Nh3 Be5 33. f4 Bf6
34. Kf2 Rb6 35. Kf3 Rb8 36. Re2 Re8 37. e4 Bd4 38. Nf2 Bxf2 39. Kxf2 f5 40. Kf3
h5 41. e5 Kf7 42. exd6 Rxe2 43. Kxe2 cxd6 44. Kd3 Ke7 45. Kc3 a5 46. a3 Kd7 47.
b4 cxb4+ 48. axb4 axb4+ 49. Kxb4 Kc6 50. Kb3 Kb6 51. Kb4 Kc6 52. Kb3 d5 53. Kc3
Kc5 54. cxd5 Kxd5 55. Kd3 Kc5 56. Kc3 Kd5 57. Kd3 Kc5 58. Kc3 Kd5 {Nulle par répétition} 1/2-1/2

[Event "Tournament 14471 - Europe Echecs"]
[Site "Europe Echecs"]
[Date "2020.07.09"]
[Round "4"]
[Time "15:35:07"]
[PlyCount "51"]
[White "BerthouJules"]
[Black "DelGiovaneFabi"]
[WhiteElo "1390"]
[BlackElo "1629"]
[Mode "WEB"]
[Result "0-1"]

1. b3 e5 2. Bb2 d6 3. e3 Nc6 4. Nf3 Nf6 5. Nc3 g6 6. d4 exd4 7. Nxd4 Nxd4 8.
Qxd4 Bg7 9. O-O-O O-O 10. Nd5 Ne8 11. Qf4 Bxb2+ 12. Kxb2 Be6 13. Bc4 c6 14. Nc3
d5 15. Be2 Qf6 16. Qg3 b5 17. b4 a5 18. a3 c5 19. Qf4 Qg7 20. h4 axb4 21. axb4
Ra4 22. Qg5 Rxb4+ 23. Kc1 Qxc3 24. h5 Ra4 25. hxg6 Ra1# {BerthouJules est échec et mat} 0-1

[Event "Tournament 14471 - Europe Echecs"]
[Site "Europe Echecs"]
[Date "2020.07.09"]
[Round "4"]
[Time "15:35:07"]
[PlyCount "70"]
[White "KuhnClement"]
[Black "MaisonhauteLel"]
[WhiteElo "2150"]
[BlackElo "1603"]
[Mode "WEB"]
[Result "1-0"]

1. e4 e5 2. Nf3 Nc6 3. d4 exd4 4. Bc4 Nf6 5. e5 Bb4+ 6. c3 dxc3 7. bxc3 Qe7 8.
O-O Ne4 9. cxb4 Qxb4 10. Qd5 O-O 11. Qxe4 Re8 12. Ba3 Qa5 13. Ng5 g6 14. Bxf7+
Kg7 15. Bxe8 Nxe5 16. Qf4 d6 17. Bb2 Bf5 18. Bf7 Rf8 19. Qh4 h6 20. Ne6+ Bxe6
21. Bxe6 g5 22. Qd4 Kg6 23. Nd2 Rf4 24. Qe3 Qb5 25. Bxe5 dxe5 26. Nf3 Kf6 27.
Rab1 Qc6 28. Qxe5+ Kg6 29. Qxf4 gxf4 30. Ne5+ Kf6 31. Nxc6 bxc6 32. Bc4 Ke5 33.
Rfd1 c5 34. Be2 Ke4 35. Rbc1 {MaisonhauteLel a abandonné} 1-0

[Event "Tournament 14471 - Europe Echecs"]
[Site "Europe Echecs"]
[Date "2020.07.09"]
[Round "4"]
[Time "15:35:07"]
[PlyCount "90"]
[White "PorsoughyanEri"]
[Black "BrehautCarl"]
[WhiteElo "1474"]
[BlackElo "1960"]
[Mode "WEB"]
[Result "1-0"]

1. e4 c6 2. d4 d5 3. exd5 cxd5 4. Bd3 Nf6 5. Nf3 Nc6 6. c3 g6 7. Bf4 Bg7 8. O-O
O-O 9. h3 Re8 10. Re1 a6 11. Nbd2 b5 12. a3 Qb6 13. Nb3 Nd7 14. Qd2 Bb7 15. Re2
a5 16. Rae1 a4 17. Na1 e6 18. Nc2 Na5 19. Nb4 Nc4 20. Bxc4 dxc4 21. Ne5 Nxe5 22.
Bxe5 Bxe5 23. Rxe5 Rad8 24. Qg5 Qd6 25. Rxb5 Ba8 26. Qc5 Qf4 27. Qg5 Qd6 28. Qe5
Qe7 29. Rc5 f6 30. Qg3 Rd6 31. Rxc4 e5 32. dxe5 fxe5 33. Rd4 Re6 34. Rd2 e4 35.
Rde2 Qb7 36. Re3 Re5 37. f3 Qb6 38. Kh1 Qe6 39. fxe4 Bxe4 40. Kh2 Qf5 41. Nc2
Rd5 42. Nd4 Qe5 43. Qxe5 Rdxe5 44. Nf3 R5e7 45. Nd2 {BrehautCarl a abandonné} 1-0

[Event "Tournament 14471 - Europe Echecs"]
[Site "Europe Echecs"]
[Date "2020.07.09"]
[Round "4"]
[Time "15:35:07"]
[PlyCount "54"]
[White "VanDenBrandeNo"]
[Black "CeroniArnaud"]
[WhiteElo "1931"]
[BlackElo "1471"]
[Mode "WEB"]
[Result "1-0"]

1. d4 d5 2. c4 e5 3. dxe5 d4 4. Nf3 Nc6 5. a3 Nge7 6. b4 Ng6 7. Bb2 Ngxe5 8.
Nxe5 Nxe5 9. e3 Be6 10. Qc1 Nc6 11. exd4 Nxd4 12. Qc3 c5 13. Nd2 Qb6 14. O-O-O
Nc6 15. b5 Nd4 16. a4 Be7 17. Nf3 Bf6 18. Qe3 Nf5 19. Qb3 Bxb2+ 20. Qxb2 O-O 21.
Bd3 Rad8 22. Qc2 g6 23. h4 Nd4 24. Nxd4 Rxd4 25. h5 Bg4 26. hxg6 fxg6 27. f3 {CeroniArnaud a perdu au temps} 1-0

[Event "Tournament 14471 - Europe Echecs"]
[Site "Europe Echecs"]
[Date "2020.07.09"]
[Round "4"]
[Time "15:35:07"]
[PlyCount "59"]
[White "BagAyoub"]
[Black "LecciaThomas"]
[WhiteElo "1467"]
[BlackElo "1893"]
[Mode "WEB"]
[Result "0-1"]

1. d4 d5 2. Nf3 Nf6 3. Bf4 e6 4. e3 c5 5. c3 Bd6 6. Bg3 Qc7 7. Bd3 Nbd7 8. O-O
O-O 9. Nbd2 e5 10. dxe5 Nxe5 11. Bxe5 Bxe5 12. Nxe5 Qxe5 13. Nf3 Qh5 14. Be2 Qh6
15. b4 b6 16. a4 Bb7 17. a5 Ne4 18. Qb3 c4 19. Qc2 Rae8 20. Nd4 f5 21. Bf3 g5
22. Bxe4 fxe4 23. axb6 axb6 24. Ra7 Bc8 25. Rfa1 Rf6 26. Rc7 Qh4 27. Raa7 Rh6
28. Rg7+ Kh8 29. f3 Qe1# {BagAyoub est échec et mat} 0-1

[Event "Tournament 14471 - Europe Echecs"]
[Site "Europe Echecs"]
[Date "2020.07.09"]
[Round "4"]
[Time "15:35:07"]
[PlyCount "58"]
[White "FischlerOscar"]
[Black "CombaudonCypri"]
[WhiteElo "1864"]
[BlackElo "1437"]
[Mode "WEB"]
[Result "1-0"]

1. Nf3 d5 2. d4 Nc6 3. g3 Nf6 4. Bg2 Bf5 5. c3 e6 6. O-O Bd6 7. Nbd2 O-O 8. h3
a6 9. Nh4 Ne7 10. Nxf5 Nxf5 11. e4 dxe4 12. Nxe4 Rc8 13. Nxf6+ Qxf6 14. Bxb7 Rb8
15. Bg2 Qg6 16. Qg4 h5 17. Qxg6 fxg6 18. Re1 Rf6 19. b3 Re8 20. Bc6 Ref8 21. Bg5
R6f7 22. Rxe6 Bxg3 23. fxg3 Nxg3 24. Re8 Rxe8 25. Bxe8 Rf8 26. Re1 Rf5 27. Bh4
Rf3 28. Kg2 Rxc3 29. Bxg3 {CombaudonCypri a abandonné} 1-0

[Event "Tournament 14471 - Europe Echecs"]
[Site "Europe Echecs"]
[Date "2020.07.09"]
[Round "4"]
[Time "15:35:07"]
[PlyCount "81"]
[White "MendozaMael"]
[Black "ValleeLouis"]
[WhiteElo "1451"]
[BlackElo "1864"]
[Mode "WEB"]
[Result "0-1"]

1. e4 e5 2. Nf3 Nc6 3. Bb5 a6 4. Bxc6 dxc6 5. O-O Bg4 6. d3 Bd6 7. Nbd2 Qd7 8.
h3 Bh5 9. b3 O-O-O 10. Bb2 f6 11. a4 Ne7 12. Nc4 g5 13. Ne3 Rdg8 14. d4 g4 15.
hxg4 Bxg4 16. dxe5 fxe5 17. Bxe5 Bxf3 18. Qxf3 Bxe5 19. Rad1 Qe6 20. Nc4 h5 21.
Rd3 h4 22. Rfd1 h3 23. g3 Ng6 24. Qf5 Qxf5 25. exf5 Nf4 26. Nxe5 Nxd3 27. Rxd3
Rh5 28. g4 Rxf5 29. Re3 h2+ 30. Kxh2 Rxf2+ 31. Kg3 Rxc2 32. Nf7 c5 33. Nh6 Rd8
34. Nf5 c4 35. b4 Rd3 36. Ne7+ Kd7 37. Rxd3+ cxd3 38. Nd5 d2 39. Ne3 Rc3 40. Kf2
Rxe3 {MendozaMael a abandonné} 0-1

[Event "Tournament 14471 - Europe Echecs"]
[Site "Europe Echecs"]
[Date "2020.07.09"]
[Round "4"]
[Time "15:35:07"]
[PlyCount "81"]
[White "NezosiConstant"]
[Black "PerardJouaultE"]
[WhiteElo "1458"]
[BlackElo "1791"]
[Mode "WEB"]
[Result "0-1"]

1. d4 Nf6 2. c4 g6 3. Nc3 d5 4. c5 c6 5. Nf3 Bg7 6. Bf4 O-O 7. e3 Nbd7 8. Bd3
Re8 9. O-O h6 10. Qc2 Nh5 11. Bg3 Nxg3 12. hxg3 e5 13. dxe5 Nxe5 14. Nxe5 Rxe5
15. Ne2 Bf5 16. Bxf5 Rxf5 17. Nd4 Re5 18. Qd2 Qe7 19. Rad1 Qxc5 20. Rc1 Qe7 21.
Rfe1 Re8 22. Rc3 Re4 23. Rd3 Qe5 24. f3 Rxe3 25. Rexe3 Qb8 26. Rxe8+ Qxe8 27.
Nb3 Qb8 28. Qf4 Be5 29. Qh4 Bxg3 30. Qxh6 a5 31. Qh3 Qe5 32. Rd1 Qe2 33. Rf1
Qe3+ 34. Kh1 Qe2 35. Rg1 Bf2 36. Rb1 Qc2 37. Rf1 Qxb2 38. Qc8+ Kg7 39. Qxb7 Kg8
40. Qxc6 Qh8# {NezosiConstant est échec et mat} 0-1